000 00295nam a2200133Ia 4500
999 _c14142
_d14142
003 OSt
008 260210s9999 xx 000 0 und d
020 _a97875609460303
082 _a747.857
100 _aHustp
245 0 _aVogue Design II: Restaurant
260 _bHustp
942 _cBDES
_2ddc